000 00358nam a2200133Ia 4500
008 151001s9999||||xx |||||||||||||| ||und||
100 _aद का हसमनीस
245 _aखंडणी
250 _a1
260 _bगुलमोहर प्रकाशन सातारा
260 _c1983
300 _a188
365 _b18
999 _c963585
_d963582